[Event "DRUZYNOWE MISTRZOSTWA POLSKI - II LIGA 2018"]
[Site "Jastrzebia Gora"]
[Date "1899-12-30"]
[Round "1.77"]
[White "Borowski, Przemyslaw"]
[Black "Rak, Tomasz"]
[Result "0-1"]
[WhiteTitle "I"]
[BlackTitle "k"]
[WhiteElo "1807"]
[BlackElo "2018"]

1. e4 c5 2. b4 cxb4 3. Nf3 e6 4. a3 Nf6 5. e5 Nd5 6. axb4 Bxb4 7. c3 Be7 8. d4
d6 9. Bd3 Nc6 10. O-O dxe5 11. dxe5 O-O 12. Qc2 h6 13. Na3 Kh8 14. Rd1 Bd7 15.
Qb2 Qb8 16. c4 Ndb4 17. Be4 Be8 18. Nb5 f6 19. Nd6 fxe5 20. c5 Bf6 21. Bd2 Nd5
22. Nxb7 Nd4 23. Rab1 Bh5 24. Qa2 Ne2+ 25. Kf1 Nec3 26. Bxc3 Nxc3 27. Qc2 Nxb1
28. Rxb1 Qc7 29. c6 Rfc8 30. Nc5 Rab8 31. Rd1 Qe7 32. Rd7 Qf8 33. c7 Rb5 34. Nxe6
Qe8 35. Bc6 Qxe6 36. Bxb5 Be8 37. Qd2 Bxd7 38. Bxd7 Qc4+ 0-1

[Event "DRUZYNOWE MISTRZOSTWA POLSKI - II LIGA 2018"]
[Site "Jastrzebia Gora"]
[Date "1899-12-30"]
[Round "1.78"]
[White "Maculewicz, Angelika"]
[Black "Czaplewska, Klara"]
[Result "1-0"]
[WhiteTitle "k"]
[BlackTitle "k+"]
[WhiteElo "2026"]
[BlackElo "1873"]

1. d4 d5 2. c4 e6 3. Nc3 Nf6 4. Bg5 Be7 5. e3 O-O 6. Nf3 h6 7. Bh4 b6 8. cxd5 Nxd5
9. Bxe7 Qxe7 10. Rc1 Bb7 11. Bd3 Nb4 12. Bb1 c5 13. a3 N4c6 14. Qc2 g6 15. O-O
cxd4 16. exd4 Qd8 17. Rfd1 Ne7 18. Qd2 Kg7 19. Ne5 Nd5 20. Ne4 Na6 21. Ng3 Qh4
22. Nf3 Qf6 23. Ne4 Qe7 24. h4 Nf6 25. Ng3 Rac8 26. Qd3 Nd5 27. h5 Nf4 28. Qe3
g5 29. Nf5+ 1-0

[Event "DRUZYNOWE MISTRZOSTWA POLSKI - II LIGA 2018"]
[Site "Jastrzebia Gora"]
[Date "1899-12-30"]
[Round "1.79"]
[White "Nowicki, Bartosz"]
[Black "Borgula, Rafal"]
[Result "1-0"]
[WhiteTitle "k++"]
[BlackTitle "FM"]
[WhiteElo "2275"]
[BlackElo "2243"]

1. e4 d6 2. d4 Nf6 3. Nc3 c6 4. Bg5 Nbd7 5. f4 Qa5 6. Qd2 b5 7. Bd3 e5 8. Nf3 exd4
9. Nxd4 Bb7 10. a3 Qb6 11. Nf3 Ng4 12. h3 Qe3+ 13. Qxe3 Nxe3 14. Kf2 Nc4 15. b3
Ncb6 16. Rhe1 Nc5 17. e5 Nxd3+ 18. cxd3 Kd7 19. f5 Re8 20. d4 h6 21. Bf4 g6 22.
fxg6 fxg6 23. Ne4 Nd5 24. Bh2 Kd8 25. exd6 Rh7 26. Nc5 Rxe1 27. Rxe1 Bc8 28. Ne6+
Bxe6 29. Rxe6 Rf7 30. Rxg6 a5 31. Bg3 a4 32. bxa4 bxa4 33. Kg1 Rg7 34. Bh4+ Ke8
35. Ne5 1-0

[Event "DRUZYNOWE MISTRZOSTWA POLSKI - II LIGA 2018"]
[Site "Jastrzebia Gora"]
[Date "1899-12-30"]
[Round "1.80"]
[White "Robak, Zbigniew"]
[Black "Parol, Pawel"]
[Result "1/2-1/2"]
[WhiteTitle "m"]
[BlackTitle "k"]
[WhiteElo "2216"]
[BlackElo "2157"]

1. e4 e6 2. d4 d5 3. Nc3 Bb4 4. Qd3 dxe4 5. Qxe4 Nf6 6. Qh4 Nc6 7. Nf3 Ne7 8. Bd3
b6 9. O-O Bb7 10. Ne5 O-O 11. Ng4 Ng6 12. Nxf6+ gxf6 13. Bxg6 fxg6 14. Bh6 Rf7
15. d5 Bxc3 16. dxe6 Re7 17. Rad1 Qe8 18. bxc3 Rxe6 19. Be3 Qc6 20. Qh3 Rae8 21.
Rd4 R6e7 22. c4 Ba6 23. Rfd1 Bxc4 24. a3 Be2 25. Re1 Ba6 26. c4 Bb7 27. Qg3 Qe6
28. h4 Qe5 29. Rf4 Rd8 30. c5 Be4 31. h5 g5 32. Rxf6 Qxg3 33. fxg3 Rf7 34. Rxf7
1/2-1/2

[Event "DRUZYNOWE MISTRZOSTWA POLSKI - II LIGA 2018"]
[Site "Jastrzebia Gora"]
[Date "1899-12-30"]
[Round "1.81"]
[White "Graczyk, Damian"]
[Black "Konieczynski, Piotr"]
[Result "1-0"]
[WhiteTitle "k"]
[BlackTitle "I++"]
[WhiteElo "2122"]
[BlackElo "1884"]

1. d4 d5 2. Nf3 Nf6 3. g3 Bf5 4. c4 c6 5. Nbd2 e6 6. Bg2 h6 7. O-O Be7 8. Ne5 O-O
9. Re1 Nbd7 10. Qb3 Qc7 11. Nxd7 Qxd7 12. Nf3 dxc4 13. Qxc4 Qd5 14. Ne5 Qxc4 15.
Nxc4 Bb4 16. Bd2 Bxd2 17. Nxd2 Rfd8 18. Nb3 Be4 19. e3 Bxg2 20. Kxg2 Rd5 21. Rac1
Nd7 22. f4 Rb5 23. Re2 a5 24. Rec2 a4 25. Nd2 Nb6 26. Kf3 Kf8 27. g4 f6 28. h4
g6 29. Ne4 Ke7 30. g5 fxg5 31. hxg5 h5 32. Nc3 Rb4 33. Ne4 Rb5 34. Nc5 Nd7 35.
Nd3 Raa5 36. e4 Kd6 37. Ne5 Nxe5+ 38. fxe5+ Ke7 39. Ke3 Ra8 40. Rf1 Rg8 41. Rf6
Rg7 42. Kd3 Ra5 43. Rcf2 Ra8 44. Kc4 Rd8 45. Rd2 b6 46. b3 axb3 47. axb3 h4 48.
Rh2 Rh8 49. d5 cxd5+ 50. exd5 Rc8+ 51. Kd4 exd5 52. Rxb6 Rd8 53. Rxh4 Rf7 54.
e6 Rf5 55. Rh7+ Ke8 56. e7 Rf4+ 57. Ke5 Re4+ 58. Kf6 Rc8 59. Rh8+ Kd7 60. Rxc8
Kxc8 61. Re6 1-0

[Event "DRUZYNOWE MISTRZOSTWA POLSKI - II LIGA 2018"]
[Site "Jastrzebia Gora"]
[Date "1899-12-30"]
[Round "1.82"]
[White "Paliwoda, Borys"]
[Black "Suliborski, Jakub"]
[Result "1/2-1/2"]
[WhiteTitle "I"]
[BlackTitle "k"]
[WhiteElo "1883"]
[BlackElo "2117"]

1. e4 c5 2. Nf3 d6 3. d4 cxd4 4. Nxd4 e5 5. Nb5 a6 6. N5a3 Nf6 7. Bg5 Be6 8. c4
Qb6 9. Bxf6 Qxb2 10. Bxg7 Bxg7 11. Qb3 Qxb3 12. axb3 Nc6 13. Nc3 Nd4 14. Rb1 O-O
15. Bd3 Rfc8 16. Ne2 Nc6 17. O-O Nb4 18. Rfd1 Bg4 19. f3 Be6 20. Kf2 Bf6 21. Nc3
Bd8 22. Nd5 Nxd5 23. cxd5 Bd7 24. Rdc1 b5 25. Nc2 Ba5 26. Ne3 Bb4 27. Ke2 a5 28.
Rxc8+ Rxc8 29. Nc2 Bc5 30. b4 axb4 31. Nxb4 Ra8 32. Kd2 Ra4 33. Kc3 Ra3+ 34. Kd2
Rb3 1/2-1/2

[Event "DRUZYNOWE MISTRZOSTWA POLSKI - II LIGA 2018"]
[Site "Jastrzebia Gora"]
[Date "1899-12-30"]
[Round "1.83"]
[White "Rykala, Monika"]
[Black "Katafiasz, Tomasz"]
[Result "0-1"]
[WhiteTitle "I++"]
[BlackTitle "I+"]
[WhiteElo "1908"]
[BlackElo "1919"]

1. d4 Nf6 2. e3 d5 3. Bd3 c5 4. b3 Nc6 5. Bb2 cxd4 6. exd4 g6 7. a3 Bg7 8. Nd2
O-O 9. Ngf3 Nh5 10. g3 Bg4 11. h3 Be6 12. Ne5 Qc7 13. Qe2 Nxe5 14. dxe5 Bh6 15.
Nf3 Qd7 16. Nd4 Bxh3 17. e6 Bxe6 18. Nxe6 Qxe6 19. Qxe6 fxe6 20. g4 Bg7 21. Bxg7
Nxg7 22. Rh3 e5 23. c4 e6 24. Ke2 e4 25. Bc2 Rf4 26. Rah1 Raf8 27. R1h2 d4 28.
Bd1 h5 29. gxh5 Nxh5 30. Rg2 Kf7 31. Ke1 Nf6 32. f3 Rg8 33. fxe4 Rxe4+ 34. Kd2
Rf4 35. Bc2 e5 36. Ke1 e4 37. Rf2 Rxf2 38. Kxf2 Ke6 39. Bd1 Ke5 40. Rg3 g5 41.
Rg2 Kf4 42. Ke1 e3 43. Bc2 Ne4 44. Ke2 g4 0-1

[Event "DRUZYNOWE MISTRZOSTWA POLSKI - II LIGA 2018"]
[Site "Jastrzebia Gora"]
[Date "1899-12-30"]
[Round "1.84"]
[White "Weglarz, Joanna"]
[Black "Parol, Pola"]
[Result "0-1"]
[WhiteTitle "k"]
[BlackTitle "WFM"]
[WhiteElo "1942"]
[BlackElo "2108"]

1. e4 c5 2. Nf3 Nc6 3. d4 cxd4 4. Nxd4 g6 5. g3 Bg7 6. Ne2 Nf6 7. Nbc3 O-O 8. Bg2
d6 9. O-O Rb8 10. Nd5 e6 11. Nxf6+ Bxf6 12. c3 b5 13. Bh6 Re8 14. Rc1 Ne5 15.
Bf4 Qc7 16. b3 Bb7 17. Qd2 Red8 18. Bxe5 dxe5 19. Qc2 Rd6 20. Rcd1 Rbd8 21. Bf3
Qd7 22. Rxd6 Qxd6 23. Ra1 Qa3 24. Nc1 Qd6 25. Ne2 h5 26. Kf1 Bg5 27. a4 a6 28.
axb5 axb5 29. Ke1 Qd2+ 30. Qxd2 Bxd2+ 31. Kf1 Rd3 32. Ra7 Bc6 33. Rc7 Be8 34.
Kg2 b4 35. cxb4 Rxb3 36. Rc5 f6 37. g4 h4 38. g5 Bxg5 0-1

[Event "DRUZYNOWE MISTRZOSTWA POLSKI - II LIGA 2018"]
[Site "Jastrzebia Gora"]
[Date "1899-12-30"]
[Round "1.85"]
[White "Szmyd, Arkadiusz"]
[Black "Schmidt, Wlodzimierz"]
[Result "0-1"]
[WhiteTitle "k"]
[BlackTitle "GM"]
[WhiteElo "2126"]
[BlackElo "2250"]

1. e4 c5 2. Nf3 e6 3. Nc3 Nc6 4. d4 cxd4 5. Nxd4 Qc7 6. Be3 a6 7. Bd3 Nf6 8. O-O
Ne5 9. Nf3 Nfg4 10. Nxe5 Nxe3 11. Qh5 g6 12. Qf3 Qxe5 13. fxe3 Qg7 14. e5 d5 15.
Qf4 Be7 16. e4 d4 17. Ne2 O-O 18. Nxd4 f6 19. Qg3 Bc5 20. c3 fxe5 21. b4 Ba7 22.
Rxf8+ Kxf8 23. Rf1+ Kg8 24. Bc4 Bd7 0-1

[Event "DRUZYNOWE MISTRZOSTWA POLSKI - II LIGA 2018"]
[Site "Jastrzebia Gora"]
[Date "1899-12-30"]
[Round "1.86"]
[White "Steczek, Marcin"]
[Black "Kaminski, Piotr"]
[Result "0-1"]
[WhiteTitle "FM"]
[BlackTitle "k"]
[WhiteElo "2386"]
[BlackElo "2097"]

1. Nf3 d5 2. c4 c6 3. Qc2 Nf6 4. g3 g6 5. Bg2 Bg7 6. O-O O-O 7. d3 a5 8. cxd5 cxd5
9. Nc3 Nc6 10. Bg5 h6 11. Bd2 Bd7 12. a3 e5 13. e4 d4 14. Ne2 Re8 15. Ne1 Qb6
16. h3 Be6 17. Qb1 a4 18. f4 Na5 19. Nc1 Rec8 20. Nc2 Nb3 21. Nxb3 Bxb3 22. Nb4
Nd7 23. Qe1 Nc5 24. Rc1 f6 25. Qe2 Kh7 26. h4 Be6 27. Kh2 Nb3 28. Rxc8 Rxc8 29.
fxe5 fxe5 30. Bh3 Bxh3 31. Kxh3 Qe6+ 32. Kg2 Bf8 33. Rf2 Kg7 34. Nd5 Be7 35. Nxe7
Qxe7 36. Qg4 Rc6 37. Bb4 Qe6 38. Qf3 Qe8 39. Bf8+ Kh7 40. Bb4 Kg7 41. h5 g5 42.
Bf8+ Kg8 43. Bb4 Nc5 44. Qd1 Kg7 45. Kh2 Nd7 46. Qxa4 Nf6 47. Rc2 Ng4+ 48. Kg1
Qf7 49. Be1 Rf6 0-1

[Event "DRUZYNOWE MISTRZOSTWA POLSKI - II LIGA 2018"]
[Site "Jastrzebia Gora"]
[Date "1899-12-30"]
[Round "1.87"]
[White "Knopik, Krzysztof"]
[Black "Walaszczyk, Witold"]
[Result "0-1"]
[WhiteTitle "k"]
[BlackTitle "k"]
[WhiteElo "2078"]
[BlackElo "2100"]

1. Nf3 d5 2. c4 c6 3. cxd5 cxd5 4. g3 Nf6 5. Bg2 e6 6. O-O Nc6 7. d3 Be7 8. Nc3
O-O 9. Bf4 b6 10. Rc1 Bb7 11. Qa4 Nd7 12. d4 a6 13. Qd1 b5 14. Nb1 Qb6 15. Qd3
Rac8 16. Nbd2 a5 17. Bg5 f6 18. Be3 Ba6 19. Rfe1 a4 20. Qb1 b4 21. b3 a3 22. Bh3
Na7 23. Nf1 Rxc1 24. Bxc1 Rc8 25. Bd2 Nb5 26. Ne3 Nf8 27. Rc1 Rxc1+ 28. Qxc1 Nxd4
29. Nxd4 Qxd4 30. Qc6 f5 31. Qxa6 Qxd2 32. Qb7 Bc5 33. Bxf5 Bxe3 0-1

[Event "DRUZYNOWE MISTRZOSTWA POLSKI - II LIGA 2018"]
[Site "Jastrzebia Gora"]
[Date "1899-12-30"]
[Round "1.88"]
[White "Swiatnicki, Andrzej"]
[Black "Boruta, Dawid"]
[Result "0-1"]
[WhiteTitle "k"]
[BlackTitle "I"]
[WhiteElo "2008"]
[BlackElo "1854"]

1. e4 c6 2. d4 d5 3. exd5 cxd5 4. Bd3 Nc6 5. c3 Qc7 6. h3 Nf6 7. Nf3 g6 8. O-O
Bf5 9. Bxf5 gxf5 10. Re1 e6 11. Bg5 Ne4 12. Nbd2 Rg8 13. Bh4 Be7 14. Bxe7 Kxe7
15. Re2 Rg6 16. Nxe4 fxe4 17. Ne1 Rag8 18. Qd2 f5 19. f3 Qg3 20. fxe4 dxe4 21.
Re3 Qf4 22. Qf2 Qxf2+ 23. Kxf2 h5 24. b4 h4 25. a4 Kd6 26. Rd1 Kd5 27. Rd2 Rg3
28. Rde2 Kc4 29. Rxg3 Rxg3 30. b5 Ne7 31. Nc2 Rxc3 32. g4 hxg3+ 33. Kg1 Kd3 34.
Rg2 Rxc2 0-1

[Event "DRUZYNOWE MISTRZOSTWA POLSKI - II LIGA 2018"]
[Site "Jastrzebia Gora"]
[Date "1899-12-30"]
[Round "1.89"]
[White "Zawierucha, Aleksander"]
[Black "Smagalski, Slawomir"]
[Result "1/2-1/2"]
[WhiteTitle "k"]
[BlackTitle "I+"]
[WhiteElo "1879"]
[BlackElo "1911"]

1. d4 Nf6 2. c4 e6 3. Nc3 Bb4 4. Qc2 Nc6 5. Nf3 O-O 6. e4 d6 7. Be3 e5 8. dxe5
dxe5 9. Rd1 Qe7 10. Bd3 Bg4 11. O-O Bxc3 12. Qxc3 Bxf3 13. gxf3 Nh5 14. Kh1 Rad8
15. Be2 Qf6 16. Rd5 Nd4 17. Bxd4 exd4 18. Qd2 Rxd5 19. cxd5 Nf4 20. Rg1 c6 21.
Rg4 Nxe2 22. Qxe2 Re8 23. dxc6 bxc6 24. Kg2 Re5 25. Qa6 h5 26. Rg3 Rb5 27. e5
Rxe5 28. Qxa7 d3 29. Qd4 Re6 30. Qxd3 Qxb2 31. Qd8+ Kh7 32. Qd3+ g6 33. Qc4 Kg8
34. f4 Re2 35. Rf3 Rc2 36. Qe4 Qxa2 37. f5 Qc4 38. Qe8+ Kg7 39. f6+ Kh7 40. h3
Qd5 41. Qf8 Qg5+ 42. Kh2 Qe5+ 43. Kg2 1/2-1/2

[Event "DRUZYNOWE MISTRZOSTWA POLSKI - II LIGA 2018"]
[Site "Jastrzebia Gora"]
[Date "1899-12-30"]
[Round "1.90"]
[White "Bukowska, Katarzyna"]
[Black "Gonsior, Monika"]
[Result "0-1"]
[WhiteTitle "k++"]
[BlackTitle "m"]
[WhiteElo "1914"]
[BlackElo "1993"]

1. e4 e6 2. d4 b6 3. Nc3 Bb7 4. Nf3 Bb4 5. Bd3 Nf6 6. Qe2 d5 7. e5 Ne4 8. Bd2 Nxd2
9. Qxd2 c5 10. a3 Ba5 11. O-O Nc6 12. Qe3 a6 13. Rfe1 h6 14. Rad1 Rc8 15. Qf4
Qe7 16. Qg4 g6 17. Re3 h5 18. Qf4 cxd4 19. Nxd4 g5 20. Nxc6 Bxc6 21. Qd4 b5 22.
Ne2 Qb7 23. Rg3 Bb6 24. Qb4 Qa7 25. Qe1 g4 26. Nf4 Ke7 27. c3 Rcg8 28. Qe2 h4
29. Rxg4 Bxf2+ 30. Kh1 Qe3 31. Rf1 Rxg4 32. Qxg4 h3 33. Nxh3 Rxh3 34. Rxf2 Qxf2
0-1

[Event "DRUZYNOWE MISTRZOSTWA POLSKI - II LIGA 2018"]
[Site "Jastrzebia Gora"]
[Date "1899-12-30"]
[Round "1.91"]
[White "Lapaj, Mateusz"]
[Black "Kozlowski, Waldemar"]
[Result "1/2-1/2"]
[WhiteTitle "k+"]
[BlackTitle "FM"]
[WhiteElo "2197"]
[BlackElo "2292"]

1. e4 c5 2. Nf3 e6 3. d4 cxd4 4. Nxd4 Nc6 5. Nc3 a6 6. Be2 Qc7 7. Be3 Nf6 8. O-O
Be7 9. f4 d6 10. Qe1 Nxd4 11. Bxd4 b5 12. e5 dxe5 13. Bxe5 Qb6+ 14. Kh1 Bb7 15.
Bf3 O-O 16. Qg3 Bxf3 17. Rxf3 Qc6 18. Re1 Ne8 19. a3 Rd8 20. f5 f6 21. Bf4 e5
22. Qh4 Rd4 23. Qh5 Qc4 24. Rh3 Rxf4 25. Qxh7+ Kf7 26. Qg6+ Kg8 27. Qh7+ Kf7 28.
Qg6+ Kg8 29. Qh7+ Kf7 30. Qg6+ Kg8 1/2-1/2

[Event "DRUZYNOWE MISTRZOSTWA POLSKI - II LIGA 2018"]
[Site "Jastrzebia Gora"]
[Date "1899-12-30"]
[Round "1.92"]
[White "Krzywicki, Dariusz"]
[Black "Garbowski, Jakub"]
[Result "0-1"]
[WhiteTitle "m"]
[BlackTitle "k"]
[WhiteElo "2130"]
[BlackElo "2169"]

1. Nf3 Nf6 2. g3 g6 3. Bg2 Bg7 4. c4 O-O 5. Nc3 d5 6. cxd5 Nxd5 7. O-O Nb6 8. d4
Nc6 9. e3 a5 10. a4 Re8 11. Re1 e5 12. d5 Nb4 13. e4 c6 14. Bg5 f6 15. Be3 cxd5
16. Bxb6 Qxb6 17. Nxd5 Nxd5 18. exd5 Bd7 19. Nd2 Rac8 20. b3 f5 21. Nc4 Qb4 22.
Rc1 e4 23. d6 Kh8 24. Bf1 Rcd8 25. Qd5 Qxb3 26. Qxa5 Qxa4 27. Qc7 Bc6 28. Nb6
Qa5 29. Red1 Qe5 30. Nc4 Qe6 31. Qb6 f4 32. Na5 e3 33. Nxc6 bxc6 34. Bc4 Qe5 35.
fxe3 fxg3 36. Bf1 gxh2+ 37. Kh1 Rxd6 38. Rxd6 Qxd6 39. Qxc6 Qxc6+ 40. Rxc6 Be5
41. Bc4 Rb8 42. Bd3 Rb3 43. Rc8+ Kg7 44. Rg8+ Kh6 45. Rd8 Rc3 46. Bf1 Rxe3 47.
Rd1 Kg5 48. Rb1 h5 49. Bg2 h4 50. Rf1 h3 51. Bd5 Kh4 52. Bc4 g5 53. Rf7 g4 54.
Bf1 Rg3 0-1

[Event "DRUZYNOWE MISTRZOSTWA POLSKI - II LIGA 2018"]
[Site "Jastrzebia Gora"]
[Date "1899-12-30"]
[Round "1.93"]
[White "Gumula, Daniel"]
[Black "Krzewski, Dariusz"]
[Result "1-0"]
[WhiteTitle "FM"]
[BlackTitle "k"]
[WhiteElo "2218"]
[BlackElo "2182"]

1. c4 e6 2. Nf3 Nf6 3. b3 b6 4. Bb2 Bb7 5. Qc2 Be7 6. e3 O-O 7. Be2 c5 8. g4 Ne4
9. h4 Bf6 10. g5 Bxb2 11. Qxb2 d5 12. d3 Nd6 13. h5 Nf5 14. h6 g6 15. Nbd2 Nc6
16. O-O-O d4 17. Ne4 e5 18. Nf6+ Kh8 19. e4 Nd6 20. Nd5 Ne7 21. Nf6 Nc6 22. Nd5
Ne7 23. Nf6 Ng8 24. Ng4 Re8 25. Rhg1 f6 26. gxf6 Nf7 27. Qd2 Nxf6 28. Nxf6 Qxf6
29. Rdf1 Rf8 30. Nh2 Nd8 31. Ng4 Qf4 32. Qxf4 exf4 33. Ne5 Nc6 34. Nxc6 Bxc6 35.
Bg4 Rae8 36. Kd2 Rf6 37. Rb1 Re5 38. a3 1-0

[Event "DRUZYNOWE MISTRZOSTWA POLSKI - II LIGA 2018"]
[Site "Jastrzebia Gora"]
[Date "1899-12-30"]
[Round "1.94"]
[White "Kupryjaniuk, Tomasz"]
[Black "Kolosowski, Pawel"]
[Result "0-1"]
[WhiteTitle "I"]
[BlackTitle "m"]
[WhiteElo "1878"]
[BlackElo "2208"]

1. e4 e5 2. d4 exd4 3. Qxd4 Nc6 4. Qa4 Bc5 5. Nf3 Nf6 6. Bg5 h6 7. Bh4 d6 8. Nc3
Bd7 9. Bb5 a6 10. Bxc6 Bxc6 11. Qc4 g5 12. Bg3 b5 13. Qd3 b4 14. Nd5 Nxd5 15.
exd5 Bb5 16. Qe4+ Qe7 17. Qxe7+ Kxe7 18. h4 f5 19. O-O-O f4 20. Bh2 Bxf2 21. Bg1
Bxg1 22. Rhxg1 Kf6 23. Rd4 a5 24. g3 Be2 25. Nd2 f3 26. Nxf3 Bxf3 27. Rf1 Ke5
28. c3 bxc3 29. bxc3 Rhf8 30. Re1+ Kf6 31. Rd3 g4 32. Re6+ Kg7 33. Rde3 Bxd5 0-1

[Event "DRUZYNOWE MISTRZOSTWA POLSKI - II LIGA 2018"]
[Site "Jastrzebia Gora"]
[Date "1899-12-30"]
[Round "1.95"]
[White "Stachanczyk, Jacek"]
[Black "Hennig, Tadeusz"]
[Result "1-0"]
[WhiteTitle "IM"]
[BlackTitle "I+"]
[WhiteElo "2171"]
[BlackElo "2019"]

1. e4 g6 2. d4 Bg7 3. Nc3 d6 4. Nge2 Nd7 5. g4 e5 6. Bg2 h5 7. g5 h4 8. f4 Ne7
9. O-O exd4 10. Nxd4 Nc5 11. Be3 Bd7 12. Qd2 Qc8 13. Rae1 Bh3 14. Bxh3 Qxh3 15.
Ndb5 Qc8 16. Bxc5 dxc5 17. Nd5 Nxd5 18. exd5+ Kf8 19. f5 gxf5 20. Qe3 Bd4 21.
Nxd4 cxd4 22. Qe7+ Kg8 23. Qf6 Rh7 24. Rxf5 c5 25. Re7 Qf8 26. d6 Rd8 27. d7 c4
28. g6 Rg7 29. Rxf7 Qxf7 30. Qxd8+ 1-0

[Event "DRUZYNOWE MISTRZOSTWA POLSKI - II LIGA 2018"]
[Site "Jastrzebia Gora"]
[Date "1899-12-30"]
[Round "1.97"]
[White "Luba, Lukasz"]
[Black "Zaskalski, Arkadiusz"]
[Result "1/2-1/2"]
[WhiteTitle "I++"]
[BlackTitle "k"]
[WhiteElo "2130"]
[BlackElo "2186"]

1. d4 Nf6 2. c4 e6 3. Nc3 d5 4. a3 Be7 5. Bf4 O-O 6. Nf3 c5 7. dxc5 Bxc5 8. b4
Be7 9. e3 a5 10. c5 b6 11. cxb6 Qxb6 12. Na4 Qa7 13. b5 Nbd7 14. Nd4 Bb7 15. b6
Nxb6 16. Nb5 Qa6 17. Nc7 Qa7 18. Nxb6 Qxb6 19. Nxa8 Bxa8 20. Be2 d4 21. Qxd4 Qxd4
22. exd4 Bxg2 23. Rg1 Be4 24. Bd2 Nd5 25. Bc4 Rc8 26. Bxd5 Bxd5 27. Bxa5 Bxa3
28. Bd2 Bd6 29. h4 h5 30. Ke2 Be7 31. Bg5 Bb4 32. Rgc1 Rxc1 33. Rxc1 Kh7 34. Kd3
Bd6 35. Ke3 Kg6 36. Rg1 Kf5 37. Bd8 Bf4+ 38. Kd3 Be4+ 39. Ke2 g6 40. f3 Bd5 41.
Ra1 Bg3 42. Rg1 Bf4 43. Kf2 f6 44. Rh1 Bd2 45. Bc7 Bf4 46. Bd8 Bd2 47. Be7 Bf4
48. Bd8 Bd2 1/2-1/2

[Event "DRUZYNOWE MISTRZOSTWA POLSKI - II LIGA 2018"]
[Site "Jastrzebia Gora"]
[Date "1899-12-30"]
[Round "1.98"]
[White "Jaskolka, Tomasz"]
[Black "Flak, Pawel"]
[Result "1-0"]
[WhiteTitle "k+"]
[BlackTitle "k"]
[WhiteElo "2177"]
[BlackElo "2159"]

1. d4 b6 2. Bf4 Bb7 3. e3 Nf6 4. Nf3 d6 5. h3 Nbd7 6. c4 g6 7. Nc3 Bg7 8. Bh2 O-O
9. Bd3 e5 10. Be2 Ne4 11. Qc2 Nxc3 12. bxc3 c5 13. d5 f5 14. Nd2 Nf6 15. a4 a5
16. Rb1 Bc8 17. Rb2 Rf7 18. O-O Rb8 19. Rfb1 Bd7 20. Bd1 Bf8 21. Nf1 e4 22. Qe2
Bc8 23. Nd2 Nd7 24. Rc1 Qe7 25. Nb1 Ne5 26. Bc2 Bg7 27. Na3 Nd7 28. Nb5 Be5 29.
Bxe5 Qxe5 30. g3 Nf6 31. Bd1 g5 32. Qd2 h5 33. Kg2 f4 34. exf4 Qf5 35. g4 hxg4
36. Nxd6 Qh7 37. Nxf7 Qxh3+ 38. Kg1 Kxf7 39. fxg5 Bf5 40. Qe3 Qh5 41. gxf6 Rh8
42. Kf1 Qh1+ 43. Ke2 Rh3 44. Qf4 Rf3 45. Qc7+ Kg6 46. Qg7+ Kh5 47. Qh8+ 1-0

[Event "DRUZYNOWE MISTRZOSTWA POLSKI - II LIGA 2018"]
[Site "Jastrzebia Gora"]
[Date "1899-12-30"]
[Round "1.99"]
[White "Rakowiecki, Andrzej"]
[Black "Markiewicz, Jerzy"]
[Result "1-0"]
[WhiteTitle "I"]
[BlackTitle "FM"]
[WhiteElo "1962"]
[BlackElo "2170"]

1. d4 Nf6 2. c4 g6 3. Nc3 Bg7 4. e4 O-O 5. e5 Ne8 6. f4 d6 7. Nf3 c5 8. dxc5 Nc6
9. cxd6 exd6 10. c5 dxc5 11. Qxd8 Nxd8 12. Be3 b6 13. O-O-O Nc7 14. Ne4 Be6 15.
Nc3 Nc6 16. Ng5 Rad8 17. Rd6 Rxd6 18. exd6 Nd5 19. Nxe6 fxe6 20. Nxd5 exd5 21.
Bb5 Nb8 22. f5 gxf5 23. Bg5 Bf6 24. Bxf6 Rxf6 25. Re1 a6 26. Re8+ Kf7 27. Rxb8
Rxd6 28. Bxa6 Rh6 29. Rb7+ 1-0

[Event "DRUZYNOWE MISTRZOSTWA POLSKI - II LIGA 2018"]
[Site "Jastrzebia Gora"]
[Date "1899-12-30"]
[Round "1.100"]
[White "Augustyn, Sebastian"]
[Black "Leszner, Liliana"]
[Result "1-0"]
[WhiteTitle "k"]
[BlackTitle "WIM"]
[WhiteElo "2173"]
[BlackElo "2017"]

1. c4 g6 2. Nc3 Bg7 3. g3 Nf6 4. Bg2 c6 5. Nf3 d6 6. O-O Be6 7. d3 Qc8 8. Ng5 Bd7
9. Rb1 h6 10. Nge4 Nxe4 11. Nxe4 Bh3 12. b4 h5 13. f3 Bxg2 14. Kxg2 f5 15. Ng5
Bf6 16. h4 Nd7 17. Qb3 Bxg5 18. Bxg5 Ne5 19. c5 Nf7 20. Bd2 d5 21. e4 Qd7 22.
exd5 Qxd5 23. Qxd5 cxd5 24. Bc3 O-O 25. Rfe1 Rfe8 26. Re6 d4 27. Bb2 Kf8 28. Rxg6
Rad8 29. Re1 e5 30. Rf6 f4 31. gxf4 Kg7 32. fxe5 Nxe5 33. Rd6 Nxd3 34. Bxd4+ Kh7
35. Rxe8 Rxe8 36. Rd7+ Kg6 37. Rxb7 Re2+ 38. Kg3 Rxa2 39. c6 Nc1 40. Kf4 Rc2 41.
c7 Ne2+ 42. Ke3 Nxd4 43. Kxd4 a6 44. Ke5 Rc4 45. Kd5 Rc2 46. Rb6+ Kf5 47. Rc6
1-0

[Event "DRUZYNOWE MISTRZOSTWA POLSKI - II LIGA 2018"]
[Site "Jastrzebia Gora"]
[Date "1899-12-30"]
[Round "1.101"]
[White "Magierski, Dariusz"]
[Black "Czarnecki, Wojciech"]
[Result "0-1"]
[WhiteTitle "II"]
[BlackTitle "k"]
[WhiteElo "1614"]
[BlackElo "1971"]

1. f4 d5 2. Nf3 Nf6 3. e3 g6 4. b3 Bg7 5. Bb2 O-O 6. Nc3 c5 7. Rc1 Nc6 8. a3 Ne4
9. Bd3 Bg4 10. Ba1 Nxc3 11. dxc3 e5 12. fxe5 Nxe5 13. Be2 Nxf3+ 14. Bxf3 Bxf3
15. Qxf3 Qh4+ 16. g3 Qh3 17. Kf2 Rfe8 18. Rce1 Rad8 19. Re2 Re6 20. g4 Rf6 21.
Qxf6 Bxf6 22. Rg1 Bh4+ 23. Rg3 Qxh2+ 0-1

[Event "DRUZYNOWE MISTRZOSTWA POLSKI - II LIGA 2018"]
[Site "Jastrzebia Gora"]
[Date "1899-12-30"]
[Round "1.102"]
[White "Mirowska, Oliwia"]
[Black "Bogusz, Katarzyna"]
[Result "1-0"]
[WhiteTitle "I++"]
[BlackTitle "I"]
[WhiteElo "1503"]
[BlackElo "1291"]

1. f4 Nf6 2. Nf3 g6 3. g3 Bg7 4. Bg2 O-O 5. O-O d6 6. d3 Nc6 7. e4 Bg4 8. c3 Qc8
9. Qe2 Bh3 10. Na3 Bxg2 11. Qxg2 a6 12. Nc2 Re8 13. Nh4 Nd7 14. f5 Nce5 15. Qe2
c5 16. Be3 b5 17. b3 Nc6 18. Qd2 b4 19. d4 Nf6 20. Qd3 Ng4 21. fxg6 fxg6 22. Rac1
bxc3 23. dxc5 Nxe3 24. Nxe3 Nb4 25. Qc4+ e6 26. Qxb4 dxc5 27. Qc4 Qc6 28. Ng4
1-0

[Event "DRUZYNOWE MISTRZOSTWA POLSKI - II LIGA 2018"]
[Site "Jastrzebia Gora"]
[Date "1899-12-30"]
[Round "1.103"]
[White "Cichocki, Adam"]
[Black "Maj, Pawel"]
[Result "1-0"]
[WhiteTitle "FM"]
[BlackTitle "k"]
[WhiteElo "2305"]
[BlackElo "2090"]

1. d4 Nf6 2. c4 g6 3. Nc3 Bg7 4. Nf3 O-O 5. g3 d6 6. Bg2 Nc6 7. O-O a6 8. Bf4 Nh5
9. Be3 e5 10. dxe5 Nxe5 11. Nxe5 Bxe5 12. Qd2 Re8 13. Nd5 c6 14. Bb6 Qd7 15. Nc7
Rb8 16. Nxe8 1-0

[Event "DRUZYNOWE MISTRZOSTWA POLSKI - II LIGA 2018"]
[Site "Jastrzebia Gora"]
[Date "1899-12-30"]
[Round "1.104"]
[White "Szymczak, Rafal"]
[Black "Helis, Tadeusz"]
[Result "0-1"]
[WhiteTitle "k"]
[BlackTitle "FM"]
[WhiteElo "1883"]
[BlackElo "2182"]

1. d4 Nf6 2. Nf3 g6 3. g3 Bg7 4. Bg2 O-O 5. c4 d5 6. cxd5 Nxd5 7. e4 Nb6 8. O-O
Nc6 9. d5 Na5 10. Nc3 c6 11. dxc6 Nxc6 12. Qe2 Bg4 13. Be3 e5 14. Bxb6 Qxb6 15.
Qb5 Qxb5 16. Nxb5 Nd4 17. Nfxd4 exd4 18. f3 Bd7 19. Nd6 Be5 20. Nc4 Bc7 21. Rfd1
b5 22. Nd2 Bb6 23. Bf1 Rac8 24. Bd3 Rc7 25. Rac1 Rfc8 26. Nb3 Be6 27. Rxc7 Rxc7
28. Bxb5 Rc2 29. Bd3 Rxb2 30. Rd2 Rxd2 31. Nxd2 Bxa2 32. Ba6 Kf8 33. Kf1 Ke7 34.
Ke2 Kd6 35. Kd3 Kc5 36. e5 Ba5 37. Bc4 Bxc4+ 38. Nxc4 Bc3 39. Nd6 a5 40. Nxf7
Kd5 41. f4 a4 42. Kc2 a3 43. Kb3 d3 44. e6 d2 45. e7 d1=Q+ 46. Kxc3 a2 47. e8=Q
a1=Q+ 48. Kb4 Qdb1# 0-1

[Event "DRUZYNOWE MISTRZOSTWA POLSKI - II LIGA 2018"]
[Site "Jastrzebia Gora"]
[Date "1899-12-30"]
[Round "1.105"]
[White "Walkusz, Witoslaw"]
[Black "Szwaj, Jacek"]
[Result "1-0"]
[WhiteTitle "FM"]
[BlackTitle "I++"]
[WhiteElo "2128"]
[BlackElo "1978"]

1. e4 c5 2. Nf3 d6 3. Bb5+ Bd7 4. a4 Nc6 5. O-O e6 6. Re1 Qc7 7. c3 Be7 8. d4 Nf6
9. d5 Nd8 10. Na3 O-O 11. Nc4 e5 12. Nfxe5 dxe5 13. d6 Bxd6 14. Qxd6 Qxd6 15.
Nxd6 Be6 16. Bg5 a6 17. Bxf6 axb5 18. Bxd8 Raxd8 19. Nxb7 Rd2 20. axb5 c4 21.
Nc5 Rb8 22. b6 Rxb2 23. Reb1 Rxb1+ 24. Rxb1 Kf8 25. b7 1-0